Kiểm tra đánh giá thường xuyên và định kì môn địa lí lớp 11
Sách gồm 4 phần trình bày những vấn đề chung về kiểm tra đánh giá, kiến thức trọng tâm, giới thiệu một số đề kiểm tra, đáp án và gợi ý trả lời.
Sparad:
| Huvudupphovsman: | |
|---|---|
| Materialtyp: | Bok |
| Språk: | Undetermined |
| Publicerad: |
Hà Nội
Giáo dục Việt Nam
2010
|
| Ämnen: | |
| Taggar: |
Lägg till en tagg
Inga taggar, Lägg till första taggen!
|
| Thư viện lưu trữ: | Trung tâm Học liệu Trường Đại học Cần Thơ |
|---|
| LEADER | 00988nam a2200217Ia 4500 | ||
|---|---|---|---|
| 001 | CTU_185328 | ||
| 008 | 210402s9999 xx 000 0 und d | ||
| 020 | |c 12400 | ||
| 082 | |a 910.712 | ||
| 082 | |b S203 | ||
| 100 | |a Phạm, Thị Sen | ||
| 245 | 0 | |a Kiểm tra đánh giá thường xuyên và định kì môn địa lí lớp 11 | |
| 245 | 0 | |c Phạm Thị Sen, Ngô Thanh Hương, Nguyễn Thị Minh Phương (chủ biên) | |
| 260 | |a Hà Nội | ||
| 260 | |b Giáo dục Việt Nam | ||
| 260 | |c 2010 | ||
| 520 | |a Sách gồm 4 phần trình bày những vấn đề chung về kiểm tra đánh giá, kiến thức trọng tâm, giới thiệu một số đề kiểm tra, đáp án và gợi ý trả lời. | ||
| 650 | |a Geography,Địa lí | ||
| 650 | |x Study and teaching (Secondary),Dạy và học (trung học) | ||
| 904 | |i Hải | ||
| 980 | |a Trung tâm Học liệu Trường Đại học Cần Thơ | ||